Normal view
MARC view
Entry Personal Name
001 - CONTROL NUMBER
- control field: 5372
003 - CONTROL NUMBER IDENTIFIER
- control field: BD-RjUL
005 - DATE AND TIME OF LATEST TRANSACTION
- control field: 20221020171409.0
008 - FIXED-LENGTH DATA ELEMENTS
- fixed length control field: 221020|| aca||aabn | a|a d
040 ## - CATALOGING SOURCE
- Original cataloging agency: BD-RjUL
- Transcribing agency: BD-RjUL
100 ## - HEADING--PERSONAL NAME
- Personal name: ভূঁইয়া, মো: শফিউল ইসলাম
670 ## - SOURCE DATA FOUND
- Source citation: Work cat.: (BD-RjUL)80581: ভূঁইয়া, মো: শফিউল ইসলাম, রংপুরের লোক সংগীত ভাওয়াইয়া :, ২০০৩